Les 10 pays qui consomment le plus de café - Statistiques

Statistiques générales
  • Ce quiz a été pris 371 fois
  • Le résultat moyen est 4 sur 10
Statistiques - réponses
Consomment par habitant Pays % Correct
4.8 kg Brésil
83%
5.2 kg Allemagne
63%
7.2 kg Norvége
47%
4.9 kg Belgique
46%
9.6 kg Finlande
44%
6.7 kg Pays-bas
43%
5.3 kg Danemark
40%
5.5 kg Autriche
29%
5.4 kg Serbie
11%
6.1 kg Slovenie
11%
Aucun quiz correspondant
Distribution des résultats
% des personnes avec chaque résultat
Percentile par nombre de réponses
Votre historique - résultats
Vous n’avez pas pris ce quiz